| 000 | 01158nam a22003497a 4500 | ||
|---|---|---|---|
| 003 | CHAP | ||
| 005 | 20240506113835.0 | ||
| 008 | 090904s2009 mx r 00010 spa d | ||
| 010 | _a96696 | ||
| 011 | _a97668 | ||
| 020 | _a9786074510041 | ||
| 035 | _a108338 | ||
| 040 | _cCHAP | ||
| 082 | 0 | 4 |
_a378.72 _bC63 |
| 245 | 0 | 0 |
_aCobertura de la educación superior en México : _btendencias, retos y perspectivas _c/por Manuel Gil Antón ...[et al.] |
| 260 |
_aMéxico, D.F. : _bANUIES, _c2009 |
||
| 300 |
_a286 p. : _bcuadros, gráfs. + 1 CD (4 3/4 plg.) |
||
| 490 | _aColección documentos | ||
| 590 |
_aBATCH-UPD _b10 _c20130110 |
||
| 590 |
_aBATCH-UPD _b10 _c20130410 |
||
| 590 |
_aBATCH-UPD _b10 _c20130914 |
||
| 590 |
_aCONVERSION _b10 _c20130109 |
||
| 650 | 1 | 4 | _aEducación superior. |
| 650 | 1 | 4 |
_aEducación _xMéxico. _935466 |
| 700 | 0 |
_aGil Antón, Manuel. _947920 |
|
| 830 | 0 |
_aColección documentos _924828 |
|
| 901 | _aBK | ||
| 911 | _aen proceso | ||
| 942 |
_cLIBRO _2ddc |
||
| 949 |
_a378.72 C63 _bBC _cLIBRO _d33724002113280 _eLIBRO _h110904 _i108338 _sb |
||
| 949 |
_a378.72 C63 _bBC _cLIBRO _d33724002114652 _eLIBRO _fc.2 _gI.c/e _h110995 _i108338 _sb |
||
| 999 |
_c96696 _d96696 |
||